000 00587 a2200157 4500
003 NUST
038 _aM Shaban
082 _aBIT-5
100 _aFariha Anwar Qureshi
_992127
245 _aIntelligent Warehouse Space Utilization Solution [Project BIT5]
_cFariha Anwar Qureshi
260 _aIslamabad,
_bNUST School of Electrical Engineering & Computer Science,
_c2007.
300 _axi, 93 p. :
_bill. ;
_c27 cm. +
_eCD-ROM
500 _aSupervisors : Mr. Nauman Qureshi, Dr. Sharifullah Khan.
856 _u http://10.250.8.41:8080/xmlui/handle/123456789/10602
942 _cPR
_kBIT-5 FAR
_2ddc
999 _c9130
_d9130